| 000 | 00626nim a2200205 i 4500 | ||
|---|---|---|---|
| 001 | bgj | ||
| 100 | 1 |
_aJones, Leo _d(1943- ). |
|
| 245 | 1 | 0 |
_aProgress to Proficiency / _cLeo Jones. |
| 260 |
_aCambridge [etc.] : _bCambridge University Press, _c1993. |
||
| 490 | 1 | _aCambridge Examinations Publishing | |
| 650 | 9 |
_aEnglish language _xTextbooks for foreigners |
|
| 650 | 9 |
_aEnglish language _xExaminations, questions, etc. |
|
| 830 | _aCambridge Examinations Publishing | ||
| 020 | _a052130850X | ||
| 040 | _cBPK | ||
| 041 | 0 | _aeng | |
| 920 | _a0-521-30850-X | ||
| 942 | _cTM | ||
| 008 | s uk f |000 0 eng | ||
| 999 |
_c50085 _d50085 |
||
| 856 |
_uhttp://koha.tu.koszalin.pl/cgi-bin/koha/opac-detail.pl?biblionumber=50085 _yKatalog online BPK |
||